Normal view
MARC view
- Mapas
Entry Materia
001 - NÚMERO DE CONTROL DEL REGISTRO
- campo de control: 5255
003 - IDENTIFICADOR DE NUMERO DE CONTROL
- campo de control: UPN
005 - FECHA Y HORA DE LA ÚLTIMA TRANSACCIÓN
- campo de control: 20231126140519.0
008 - DATOS DE LONGITUD FIJA
- campo de control de longitud fija: nabaccnnaabn|||||||||| b |nc|||||d
035 ## - NÚMERO DE CONTROL DEL SISTEMA
- Número de control del sistema: UPN10000005255
040 ## - FUENTE DE LA CATALOGACIÓN
- Lengua de catalogación: SPA
- Agencia de transcripción: UPN
- Centro catalogador de origen: MX-MxUPN
150 ## - ENCABEZAMIENTO - TEMÁTICO
- Término de materia o nombre geográfico como elemento inicial: Mapas
360 ## - REFERENCIA COMPLEJA DE VÉASE ADEMÁS - MATERIA
- Encabezamiento al que se remite: CONDICIONES ECONOMICAS -
- Texto explicativo: bajo nombres de países, etc. ej.:
- Encabezamiento al que se remite: AFRICA DEL NORTE - CONDICIONES ECONOMICAS - MAPAS
- Texto explicativo: subdivisión de
- Texto explicativo: bajo encabezamientos especiales, Ej. :
- Texto explicativo: y bajo nombres de países, ciudades, etc. ej. :
670 ## - FUENTE EN LA QUE SE LOCALIZARON DATOS
- Cita de la fuente: E
902 ## - CATALOGADOR
- Catalogador: MMA/160398
